00851cam a2200253ua 45000010005000000080039000050200018000440400009000620410008000710820011000791000042000902450081001322500027002132600048002403000014002886530033003026530029003356530027003646530026003917000036004179420007004539990015004609520122004755366191012n ii |||gr||||Z||||||eng a81-7646-294-2 cMAIN aeng a821.54 aSinha, Ravi Nandan,d1952-,eAuthor., aPoetry of Keki N. Daruwalla : ba critical study / cby Ravi Nandan Sinha .  bIndian writers series. aDelhi:bB.R. publishing corporation,c2002. axiv,173p. aIndian literature in English aIndian poetry in English aPoetry of N. Daruwalla aIndian English poetry aDwivedi, A.N.,eGeneral editor. cBK c4547d4547 00104070aMAINbMAINcGENd2020-09-19l0o821.54English poetry | SINp20709r2020-09-19 00:00:00t1w2020-09-19yBK